[Event "Montesilvano Easter op"]
[Site "Montesilvano"]
[Date "2025.04.18"]
[Round "1"]
[White "Ranieri, Gianrico"]
[Black "Mircoli, Filippo"]
[Result "0-1"]
[WhiteElo "1847"]
[BlackElo "1696"]
[PlyCount "47"]
[EventDate "2025.04.18"]
[EventType "tourn"]
[EventRounds "6"]
[EventCountry "ITA"]
[SourceTitle "CB17_2025"]
[SourceDate "2025.04.23"]
[SourceVersion "1"]
[SourceVersionDate "2025.04.23"]
[SourceQuality "1"]

1. e4 e5 2. Nf3 Nc6 3. Bc4 Nf6 4. d3 Be7 5. c3 d6 6. h3 Na5 7. Bb3 Nxb3 8. axb3 0-0 9. 0-0 Ne8 10. d4 exd4 11. cxd4 c6 12. Re1 Be6 13. Nc3 d5 14. exd5 cxd5 15. Bf4 Bb4 16. Qd3 h6 17. Qb5 a5 18. Rec1 Nf6 19. Qxb7 Ne4 20. Qb5 Bxh3 21. gxh3 Bxc3 22. bxc3 Qf6 23. Qe2 Qxf4 24. Qe3 0-1

[Event "Arco op 46th"]
[Site "Arco"]
[Date "2024.10.13"]
[Round "9"]
[White "Pavan, Franco"]
[Black "Mircoli, Filippo"]
[Result "0-1"]
[WhiteElo "1466"]
[BlackElo "1718"]
[PlyCount "80"]
[EventDate "2024.10.05"]
[EventType "swiss"]
[EventRounds "9"]
[EventCountry "ITA"]
[SourceTitle "CB44_2024"]
[Source "Chessbase"]
[SourceDate "2024.10.30"]
[SourceVersion "1"]
[SourceVersionDate "2024.10.30"]
[SourceQuality "1"]

1. Nf3 d6 2. d4 g6 3. g3 Bg7 4. Bg2 Nf6 5. c4 0-0 6. 0-0 Nbd7 7. Nc3 c6 8. Bg5 Qc7 9. Qd2 e5 10. Bh6 e4 11. Bxg7 Kxg7 12. Ng5 Re8 13. Ngxe4 Nxe4 14. Nxe4 Nb6 15. b3 d5 16. cxd5 Nxd5 17. Rac1 Qe7 18. e3 Be6 19. Nc3 Rad8 20. Nxd5 Bxd5 21. Bxd5 Rxd5 22. Rc3 h5 23. Qc2 h4 24. b4 Qg5 25. Rd1 Qg4 26. Rc5 hxg3 27. fxg3 Rxe3 28. Rxd5 cxd5 29. Rd2 Qf3 30. Qc1 Qe4 31. Qc2 Re1+ 32. Kf2 Qe3+ 33. Kg2 Rg1+ 34. Kh3 Qh6+ 35. Kg4 Qh5+ 36. Kf4 Qh6+ 37. Kf3 Qh5+ 38. Kf2 Qxh2+ 39. Kf3 Qxg3+ 40. Ke2 Re1# 0-1

[Event "Arco op 46th"]
[Site "Arco"]
[Date "2024.10.12"]
[Round "8"]
[White "Mircoli, Filippo"]
[Black "Linnemann, Jan"]
[Result "1-0"]
[WhiteElo "1718"]
[BlackElo "1606"]
[PlyCount "67"]
[EventDate "2024.10.05"]
[EventType "swiss"]
[EventRounds "9"]
[EventCountry "ITA"]
[SourceTitle "CB44_2024"]
[Source "Chessbase"]
[SourceDate "2024.10.30"]
[SourceVersion "1"]
[SourceVersionDate "2024.10.30"]
[SourceQuality "1"]

1. d4 d5 2. Nf3 Nf6 3. e3 e6 4. Nbd2 c5 5. c3 c4 6. Be2 Nc6 7. 0-0 Bd6 8. a4 Qc7 9. h3 e5 10. dxe5 Nxe5 11. Nxe5 Bxe5 12. Nf3 Bd6 13. b3 cxb3 14. Qxb3 0-0 15. Bd3 Ne4 16. Bb2 Be6 17. Qc2 f5 18. Rad1 Rac8 19. Bxe4 fxe4 20. Nd4 Qd7 21. Qb3 Rc4 22. Nxe6 Qxe6 23. Qxb7 Rb8 24. Qxd5 Qxd5 25. Rxd5 Rd8 26. Rd4 Rxd4 27. cxd4 Rb8 28. Bc3 a5 29. g3 Bc7 30. Rc1 Rb3 31. Kg2 Ra3 32. Bb2 Rb3 33. Rxc7 Rxb2 34. Rc5 1-0

[Event "Arco op 46th"]
[Site "Arco"]
[Date "2024.10.10"]
[Round "6"]
[White "Mircoli, Filippo"]
[Black "Glanc, Lea"]
[Result "0-1"]
[WhiteElo "1718"]
[BlackElo "1642"]
[PlyCount "96"]
[EventDate "2024.10.05"]
[EventType "swiss"]
[EventRounds "9"]
[EventCountry "ITA"]
[SourceTitle "CB44_2024"]
[Source "Chessbase"]
[SourceDate "2024.10.30"]
[SourceVersion "1"]
[SourceVersionDate "2024.10.30"]
[SourceQuality "1"]

1. d4 Nf6 2. Nf3 e6 3. e3 d5 4. Bd3 c5 5. c3 Nc6 6. 0-0 Bd6 7. Nbd2 0-0 8. Re1 e5 9. dxe5 Nxe5 10. Nxe5 Bxe5 11. h3 Be6 12. Nf3 Bc7 13. Qc2 c4 14. Bf1 b5 15. Nd4 Qd6 16. g3 a6 17. a4 Qd7 18. Nxe6 fxe6 19. Bg2 Qf7 20. b3 cxb3 21. Qxb3 Ne4 22. Rf1 Nxf2 23. Ba3 Bxg3 24. Bxf8 Rxf8 25. Ra2 Qa7 26. Re2 Nd3 27. Rxf8+ Kxf8 28. axb5 axb5 29. Qb1 Nf4 30. Kf1 Nxe2 31. Kxe2 Qf7 32. Qb4+ Kg8 33. Bf3 Qd7 34. Qg4 Be5 35. Qb4 Qc6 36. Kd2 Qc4 37. Qa5 Qc6 38. Qb4 Bd6 39. Qg4 Be5 40. Qb4 Bd6 41. Qg4 Be7 42. h4 Qb6 43. h5 b4 44. c4 b3 45. Kc1 Qxe3+ 46. Kb2 Bf6+ 47. Ka3 b2+ 48. Ka2 Qa7+ 0-1

[Event "Arco op 46th"]
[Site "Arco"]
[Date "2024.10.08"]
[Round "4"]
[White "Mircoli, Filippo"]
[Black "Giannone, Edoardo"]
[Result "1-0"]
[WhiteElo "1718"]
[BlackElo "1599"]
[PlyCount "39"]
[EventDate "2024.10.05"]
[EventType "swiss"]
[EventRounds "9"]
[EventCountry "ITA"]
[SourceTitle "CB44_2024"]
[Source "Chessbase"]
[SourceDate "2024.10.30"]
[SourceVersion "1"]
[SourceVersionDate "2024.10.30"]
[SourceQuality "1"]

1. d4 Nf6 2. Nf3 g6 3. c4 Bg7 4. Nc3 0-0 5. e4 d6 6. Be2 Nbd7 7. 0-0 e5 8. dxe5 Nxe5 9. Bg5 Qe8 10. Bxf6 Bxf6 11. Nd5 Bd8 12. Qd2 Be6 13. Rfe1 Qd7 14. Ng5 Qc6 15. b3 Qc5 16. b4 Nxc4 17. Qc1 Qc6 18. Nxe6 fxe6 19. Bxc4 b5 20. Ne7+ 1-0

[Event "Arco op 46th"]
[Site "Arco"]
[Date "2024.10.06"]
[Round "2"]
[White "Mircoli, Filippo"]
[Black "Weyandt, Manfred"]
[Result "0-1"]
[WhiteElo "1718"]
[BlackElo "1856"]
[PlyCount "88"]
[EventDate "2024.10.05"]
[EventType "swiss"]
[EventRounds "9"]
[EventCountry "ITA"]
[SourceTitle "CB44_2024"]
[Source "Chessbase"]
[SourceDate "2024.10.30"]
[SourceVersion "1"]
[SourceVersionDate "2024.10.30"]
[SourceQuality "1"]

1. d4 g6 2. Nf3 Bg7 3. e3 d6 4. h3 Nc6 5. c4 e5 6. d5 Nce7 7. Nc3 f5 8. e4 Nf6 9. Bd3 0-0 10. 0-0 f4 11. c5 h6 12. Bd2 g5 13. Nh2 Ng6 14. cxd6 cxd6 15. Rc1 Nh4 16. Be1 f3 17. Nxf3 Nxf3+ 18. Qxf3 g4 19. hxg4 Nxg4 20. Qg3 Qg5 21. Bd2 Qxd2 22. Be2 Qf4 23. Qxf4 exf4 24. Nb5 Be5 25. Rxc8 Raxc8 26. Bxg4 Rc2 27. Nxa7 Ra8 28. Nb5 Rxb2 29. Nc7 Raxa2 30. Rc1 Rc2 31. Be6+ Kh8 32. Rxc2 Rxc2 33. Nb5 Kg7 34. Kf1 Kf6 35. Na3 Ra2 36. Nc4 b5 37. Nb6 b4 38. Bg8 Kg7 39. Be6 Rc2 40. Nd7 b3 41. Nxe5 dxe5 42. d6 b2 43. Ba2 Rc1+ 44. Ke2 b1Q 0-1

[Event "Arco op 45th"]
[Site "Arco"]
[Date "2023.10.12"]
[Round "6"]
[White "Mircoli, Filippo"]
[Black "Hilbenz, Guntram"]
[Result "0-1"]
[WhiteElo "1492"]
[BlackElo "1789"]
[PlyCount "110"]
[EventDate "2023.10.07"]
[EventType "swiss"]
[EventRounds "9"]
[EventCountry "ITA"]
[SourceTitle "CBM 216 Extra"]
[Source "ChessBase"]
[SourceDate "2023.11.30"]
[SourceVersion "1"]
[SourceVersionDate "2023.11.30"]
[SourceQuality "1"]

1. d4 d5 2. Nf3 Nf6 3. e3 c6 4. Bd3 Bg4 5. Nbd2 e6 6. c4 Be7 7. 0-0 0-0 8. Qe1 Nbd7 9. e4 dxe4 10. Nxe4 Nxe4 11. Qxe4 Nf6 12. Qe3 Bxf3 13. gxf3 Qd7 14. b3 Rad8 15. Bb2 Rfe8 16. Rad1 Nh5 17. Kh1 Bf6 18. Rg1 Kh8 19. f4 g6 20. Be2 Ng7 21. Bg4 Nf5 22. Bxf5 exf5 23. Qg3 Qe7 24. Qf3 Qe4 25. Kg2 Bxd4 26. Qxe4 Rxe4 27. Kg3 c5 28. Rd2 Rde8 29. Bxd4+ Rxd4 30. Rxd4 cxd4 31. Rd1 Rd8 32. Kf3 Kg7 33. Re1 f6 34. Rd1 Kf7 35. Ke2 Re8+ 36. Kd3 Re4 37. Rd2 Ke6 38. Re2 Rxe2 39. Kxe2 Kd6 40. h4 h6 41. Kd3 Kc5 42. a3 a5 43. b4+ axb4 44. axb4+ Kxb4 45. Kxd4 g5 46. hxg5 fxg5 47. fxg5 hxg5 48. Ke5 Kxc4 49. Kxf5 b5 50. Kxg5 b4 51. f4 b3 52. f5 b2 53. f6 b1Q 54. f7 Qb8 55. Kg6 Qf8 0-1

[Event "Arco op 44th"]
[Site "Arco"]
[Date "2022.10.11"]
[Round "4"]
[White "Mircoli, Filippo"]
[Black "Feher, Botond"]
[Result "0-1"]
[WhiteElo "1541"]
[BlackElo "1936"]
[PlyCount "94"]
[EventDate "2022.10.08"]
[EventType "swiss"]
[EventRounds "9"]
[EventCountry "ITA"]
[SourceTitle "CBM 210 Extra"]
[Source "ChessBase"]
[SourceDate "2022.11.30"]
[SourceVersion "1"]
[SourceVersionDate "2022.11.30"]
[SourceQuality "1"]

1. d4 Nf6 2. Nf3 g6 3. Bf4 Bg7 4. e3 0-0 5. Bd3 d6 6. h3 Nc6 7. c3 Re8 8. Nbd2 e5 9. Bg5 exd4 10. cxd4 h6 11. Bxf6 Qxf6 12. 0-0 Qe7 13. Qb3 a5 14. a3 a4 15. Qc3 Bd7 16. b4 axb3 17. Qxb3 Na5 18. Qc2 c5 19. Nc4 Nxc4 20. Bxc4 b5 21. Bd5 Bf5 22. Qb3 Rab8 23. Bc6 Rec8 24. Bd5 c4 25. Qc3 Rc5 26. e4 Bxe4 27. Bxe4 Qxe4 28. Rfe1 Qb7 29. Nd2 Rcc8 30. Ne4 Qd5 31. Rad1 Re8 32. f3 f5 33. Ng3 Bxd4+ 34. Rxd4 Rxe1+ 35. Kh2 Qe5 36. Qb4 Qxd4 37. Qxe1 Qe5 38. Qd2 Kg7 39. f4 c3 40. Qc1 Qc5 41. Ne2 Rc8 42. Qe1 Qe3 43. Qd1 Qd2 44. Qg1 Qxe2 45. Qd4+ Kf7 46. Qd5+ Qe6 47. Qb7+ Kg8 0-1

[Event "Arco op 44th"]
[Site "Arco"]
[Date "2022.10.10"]
[Round "3"]
[White "Mircoli, Filippo"]
[Black "Blasco, Domenico"]
[Result "1-0"]
[WhiteElo "1541"]
[BlackElo "1865"]
[PlyCount "63"]
[EventDate "2022.10.08"]
[EventType "swiss"]
[EventRounds "9"]
[EventCountry "ITA"]
[SourceTitle "CBM 210 Extra"]
[Source "ChessBase"]
[SourceDate "2022.11.30"]
[SourceVersion "1"]
[SourceVersionDate "2022.11.30"]
[SourceQuality "1"]

1. d4 g6 2. Nf3 Bg7 3. Bf4 d6 4. e3 Nf6 5. Bd3 Nbd7 6. h3 0-0 7. Nbd2 Re8 8. 0-0 e5 9. Bg5 h6 10. dxe5 dxe5 11. Bxf6 Nxf6 12. Ne4 Nxe4 13. Bxe4 Qe7 14. c3 c6 15. Qe2 Be6 16. a4 Rad8 17. Rad1 Bb3 18. Bc2 Qe6 19. Rxd8 Rxd8 20. Rd1 Rxd1+ 21. Qxd1 Bxc2 22. Qxc2 c5 23. Ne1 e4 24. c4 Bf8 25. Kf1 h5 26. h4 Be7 27. g3 Bd6 28. Ng2 Kg7 29. Qe2 Kf6 30. Kg1 Ke7 31. b3 Kd7 32. Qd2 1-0

[Event "Arco op 44th"]
[Site "Arco"]
[Date "2022.10.08"]
[Round "1"]
[White "Mircoli, Filippo"]
[Black "Casagrande, Fabio"]
[Result "0-1"]
[WhiteElo "1541"]
[BlackElo "1935"]
[PlyCount "44"]
[EventDate "2022.10.08"]
[EventType "swiss"]
[EventRounds "9"]
[EventCountry "ITA"]
[SourceTitle "CBM 210 Extra"]
[Source "ChessBase"]
[SourceDate "2022.11.30"]
[SourceVersion "1"]
[SourceVersionDate "2022.11.30"]
[SourceQuality "1"]

1. d4 Nf6 2. Nf3 e6 3. e3 d5 4. Bd3 c5 5. c3 Nc6 6. Nbd2 Bd6 7. 0-0 0-0 8. Re1 e5 9. dxe5 Nxe5 10. Nxe5 Bxe5 11. Nf3 Bc7 12. h3 Be6 13. Ng5 Qd6 14. Nxe6 Qh2+ 15. Kf1 fxe6 16. f4 e5 17. f5 e4 18. Be2 Bg3 19. Qd2 Nh5 20. Qxd5+ Kh8 21. Bd2 Rad8 22. Qxb7 Qh1# 0-1

[Event "Arco op 43rd"]
[Site "Arco"]
[Date "2021.10.15"]
[Round "7"]
[White "Wegelin, Reinhard"]
[Black "Mircoli, Filippo"]
[Result "1/2-1/2"]
[WhiteElo "1800"]
[BlackElo "1586"]
[PlyCount "56"]
[EventDate "2021.10.09"]
[EventType "swiss"]
[EventRounds "9"]
[EventCountry "ITA"]
[SourceTitle "CBM 204 Extra"]
[Source "ChessBase"]
[SourceDate "2021.11.30"]
[SourceVersion "1"]
[SourceVersionDate "2021.11.30"]
[SourceQuality "1"]

1. d4 d6 2. Bg5 Nf6 3. Nd2 Bf5 4. Ngf3 g6 5. Bxf6 exf6 6. e4 Bd7 7. Bc4 Bg7 8. 0-0 0-0 9. Re1 Nc6 10. c3 f5 11. Bd3 fxe4 12. Nxe4 d5 13. Nc5 Bc8 14. Qd2 b6 15. Nb3 Ne7 16. Ne5 f6 17. Nf3 Bg4 18. Qf4 Bf5 19. Qd2 c6 20. h3 Qc7 21. Re2 Bxd3 22. Qxd3 Rae8 23. Rae1 Qd7 24. Re6 Nf5 25. Qe2 Kf7 26. Rxe8 Rxe8 27. Qxe8+ Qxe8 28. Rxe8 Kxe8 1/2-1/2

[Event "Verona op-B"]
[Site "Verona"]
[Date "2019.01.03"]
[Round "2"]
[White "Mircoli, Filippo"]
[Black "Pisani, Valerio"]
[Result "0-1"]
[WhiteElo "1617"]
[BlackElo "1713"]
[PlyCount "77"]
[EventDate "2019.01.02"]
[EventType "swiss"]
[EventRounds "7"]
[EventCountry "ITA"]
[SourceTitle "CBM 188 Extra"]
[Source "ChessBase"]
[SourceDate "2019.02.28"]
[SourceVersion "1"]
[SourceVersionDate "2019.02.28"]
[SourceQuality "1"]

1. d4 Nf6 2. Nf3 g6 3. Nbd2 Bg7 4. e3 d5 5. Bd3 0-0 6. 0-0 Nbd7 7. Qe2 c5 8. c3 Re8 9. e4 dxe4 10. Nxe4 Nxe4 11. Bxe4 e5 12. dxc5 Nxc5 13. Bg5 Qc7 14. Rad1 Nxe4 15. Qxe4 Bf5 16. Qe3 f6 17. Bh6 Be6 18. Bxg7 Kxg7 19. h3 Bxa2 20. Ra1 Bc4 21. Rfd1 a6 22. Nd2 Rad8 23. Qf3 Bd5 24. Qg3 Rd7 25. Nf3 Bxf3 26. Qxf3 Red8 27. h4 Qc4 28. h5 Qb3 29. h6+ Kf7 30. Re1 Rd3 31. Qe2 Rd2 32. Qe3 Rxb2 33. Qc5 Qb6 34. Qc4+ Ke7 35. Qh4 Qc5 36. Re3 Rc2 37. Rae1 Kf7 38. Rxe5 fxe5 39. Qxd8 0-1

[Event "Porto Sant Elpidio op 20th"]
[Site "Porto Sant Elpidio"]
[Date "2017.11.24"]
[Round "1.2"]
[White "Mircoli, Filippo"]
[Black "Luciani, Valerio"]
[Result "0-1"]
[WhiteElo "1629"]
[BlackElo "2246"]
[PlyCount "60"]
[EventDate "2017.11.24"]
[EventType "swiss"]
[EventRounds "5"]
[EventCountry "ITA"]
[SourceTitle "EXT 2024"]
[Source "ChessBase"]
[SourceDate "2023.10.10"]
[SourceVersion "1"]
[SourceVersionDate "2023.10.10"]
[SourceQuality "1"]

1. d4 f5 2. Nf3 Nf6 3. e3 d6 4. Bd3 g6 5. 0-0 Bg7 6. Nbd2 Nc6 7. c3 0-0 8. e4 e5 9. exf5 gxf5 10. dxe5 dxe5 11. Bc4+ Kh8 12. Ng5 Qe8 13. Re1 h6 14. Ngf3 Bd7 15. Nf1 Rd8 16. Qc2 Ne4 17. Be2 Nd6 18. Ng3 Qg6 19. Nh4 Qf6 20. Nf3 Be8 21. h3 Bg6 22. Qa4 f4 23. Nh1 e4 24. Nd4 Nxd4 25. cxd4 Qxd4 26. Qa5 Rd7 27. Rd1 Qb6 28. Qa3 Kh7 29. Bd2 Rdf7 30. Ba5 Qxb2 0-1

[Event "Bad Woerishofen Seniors op 32nd"]
[Site "Bad Woerishofen"]
[Date "2016.03.04"]
[Round "8"]
[White "Zerweck, Christoph"]
[Black "Mircoli, Filippo"]
[Result "1/2-1/2"]
[WhiteElo "1890"]
[BlackElo "1611"]
[PlyCount "43"]
[EventDate "2016.02.26"]
[EventType "swiss"]
[EventRounds "9"]
[EventCountry "GER"]
[SourceTitle "EXT 2019"]
[Source "ChessBase"]
[SourceDate "2018.10.10"]
[SourceVersion "1"]
[SourceVersionDate "2018.10.10"]
[SourceQuality "1"]

1. e4 c5 2. Nf3 e6 3. c3 Nf6 4. e5 Nd5 5. d4 cxd4 6. cxd4 Nc6 7. a3 Be7 8. Nc3 Nxc3 9. bxc3 d5 10. Bd3 0-0 11. 0-0 f6 12. Qc2 f5 13. a4 Bd7 14. Bd2 Rc8 15. Qa2 Na5 16. Rab1 b6 17. Ba6 Rc7 18. Rfd1 Nc4 19. Bc1 Bc8 20. Bxc8 Qxc8 21. Nd2 Na5 22. Bb2 1/2-1/2

[Event "Arco op 36th"]
[Site "Arco"]
[Date "2014.10.06"]
[Round "3"]
[White "Fratini, Mauro"]
[Black "Mircoli, Filippo"]
[Result "1/2-1/2"]
[WhiteElo "1863"]
[BlackElo "1641"]
[PlyCount "52"]
[EventDate "2014.10.04"]
[EventType "swiss"]
[EventRounds "9"]
[EventCountry "ITA"]
[SourceTitle "EXT 2016"]
[Source "ChessBase"]
[SourceDate "2015.10.08"]
[SourceVersion "1"]
[SourceVersionDate "2015.10.08"]
[SourceQuality "1"]

1. d4 Nf6 2. Nf3 g6 3. Bf4 Bg7 4. e3 0-0 5. h3 c5 6. c3 cxd4 7. exd4 d6 8. Nbd2 Nc6 9. Be2 b6 10. 0-0 Bb7 11. Re1 Rc8 12. Bb5 a6 13. Bf1 b5 14. a3 e6 15. Bh2 Ne7 16. Ng5 Qd7 17. Nge4 Nxe4 18. Nxe4 Bxe4 19. Rxe4 d5 20. Re1 Nc6 21. f4 f5 22. Qf3 Na5 23. Re2 Nc4 24. Rae1 Rfe8 25. g4 Nd6 26. Bg2 Ne4 1/2-1/2

[Event "Arco op 36th"]
[Site "Arco"]
[Date "2014.10.04"]
[Round "1"]
[White "Joerges, Frank"]
[Black "Mircoli, Filippo"]
[Result "1/2-1/2"]
[WhiteElo "1949"]
[BlackElo "1641"]
[PlyCount "37"]
[EventDate "2014.10.04"]
[EventType "swiss"]
[EventRounds "9"]
[EventCountry "ITA"]
[SourceTitle "EXT 2016"]
[Source "ChessBase"]
[SourceDate "2015.10.08"]
[SourceVersion "1"]
[SourceVersionDate "2015.10.08"]
[SourceQuality "1"]

1. d4 e6 2. Nf3 Nf6 3. e3 c5 4. c3 cxd4 5. exd4 a6 6. a4 d5 7. Bg5 Be7 8. Nbd2 Nc6 9. Bd3 0-0 10. 0-0 h6 11. Bh4 Bd7 12. Re1 Rc8 13. Qe2 Nh5 14. Bxe7 Nxe7 15. g3 Nf6 16. Ne5 Qe8 17. f4 Bxa4 18. g4 Bb5 19. Bxb5 1/2-1/2

[Event "ITA-ch C"]
[Site "Civitanova Marche"]
[Date "2012.07.20"]
[Round "6"]
[White "Mircoli, Filippo"]
[Black "Rubini, Alessandro"]
[Result "0-1"]
[WhiteElo "1688"]
[BlackElo "1917"]
[PlyCount "90"]
[EventDate "2012.07.15"]
[EventType "swiss"]
[EventRounds "8"]
[EventCountry "ITA"]
[SourceTitle "EXT 2023"]
[Source "ChessBase"]
[SourceDate "2022.10.05"]
[SourceVersion "1"]
[SourceVersionDate "2022.10.05"]
[SourceQuality "1"]

1. e4 c5 2. Nf3 e6 3. d4 cxd4 4. Nxd4 a6 5. Nc3 Qc7 6. Be2 Bb4 7. Bd2 Nf6 8. Bd3 Nc6 9. Nxc6 bxc6 10. 0-0 Bc5 11. Kh1 0-0 12. f4 d5 13. e5 Nd7 14. Qh5 g6 15. Qh6 Rd8 16. h4 Bf8 17. Qg5 Nc5 18. Be2 d4 19. h5 dxc3 20. hxg6 fxg6 21. Bxc3 Ne4 22. Qg4 Nxc3 23. bxc3 Kh8 24. Rf3 Qf7 25. Bd3 a5 26. Rh3 Kg8 27. Bc4 Re8 28. Rf1 Ba6 29. f5 Bxc4 30. Qxc4 exf5 31. Qxc6 Qe6 32. Qb7 Qe7 33. Qd5+ Qf7 34. Qc6 Rec8 35. Qa4 Qc4 36. Qxc4+ Rxc4 37. Rd3 Re4 38. Rd5 Bg7 39. e6 Bxc3 40. Rd7 Rxe6 41. Rf3 Re1+ 42. Kh2 Be5+ 43. g3 Re2+ 44. Kg1 Rb8 45. Rb3 Rxb3 0-1

[Event "ITA-ch C"]
[Site "Civitanova Marche"]
[Date "2012.07.19"]
[Round "5"]
[White "Bruglia, Orlando"]
[Black "Mircoli, Filippo"]
[Result "0-1"]
[WhiteElo "1933"]
[BlackElo "1688"]
[PlyCount "59"]
[EventDate "2012.07.15"]
[EventType "swiss"]
[EventRounds "8"]
[EventCountry "ITA"]
[SourceTitle "EXT 2023"]
[Source "ChessBase"]
[SourceDate "2022.10.05"]
[SourceVersion "1"]
[SourceVersionDate "2022.10.05"]
[SourceQuality "1"]

1. d4 d5 2. Bf4 Nf6 3. e3 c5 4. c3 Nc6 5. Bd3 cxd4 6. exd4 e6 7. Nd2 g6 8. Ngf3 Bg7 9. Bg5 0-0 10. Qe2 Qc7 11. Ne5 Nd7 12. Nxc6 bxc6 13. 0-0 Qb6 14. Nf3 c5 15. Rad1 cxd4 16. cxd4 Bb7 17. h4 a5 18. h5 h6 19. Be3 g5 20. Ne5 Nf6 21. f4 Ne4 22. Bxe4 dxe4 23. Nd7 Qc6 24. Nxf8 Ba6 25. Qg4 Kxf8 26. fxg5 Bxf1 27. gxh6 Bh8 28. Rxf1 f5 29. h7 Kf7 30. Rc1 0-1

[Event "Bad Woerishofen op 28th"]
[Site "Bad Woerishofen"]
[Date "2012.03.02"]
[Round "1"]
[White "Mircoli, Filippo"]
[Black "Jameson, David"]
[Result "0-1"]
[WhiteElo "1735"]
[BlackElo "2076"]
[PlyCount "50"]
[EventDate "2012.03.02"]
[EventType "swiss"]
[EventRounds "9"]
[EventCountry "GER"]
[SourceTitle "EXT 2019"]
[Source "ChessBase"]
[SourceDate "2018.10.10"]
[SourceVersion "1"]
[SourceVersionDate "2018.10.10"]
[SourceQuality "1"]

1. e4 e5 2. Nf3 Nc6 3. Bb5 a6 4. Ba4 Nf6 5. 0-0 Nxe4 6. Re1 Nc5 7. Bxc6 dxc6 8. Nxe5 Be7 9. d3 0-0 10. Nc3 f6 11. Nf3 Bg4 12. Be3 Re8 13. h3 Bh5 14. g4 Bf7 15. Nd4 Qd7 16. Nf5 Bf8 17. Qf3 Rad8 18. Rad1 Bd5 19. Nxd5 Qxd5 20. Qg3 Ne6 21. f3 g6 22. Nh4 Bd6 23. Qg2 Re7 24. Bh6 Rde8 25. Qe2 Bg3 0-1

[Event "Arco op 33rd"]
[Site "Arco"]
[Date "2011.10.23"]
[Round "2"]
[White "Ziltener, Werner"]
[Black "Mircoli, Filippo"]
[Result "1/2-1/2"]
[WhiteElo "2081"]
[BlackElo "1747"]
[PlyCount "33"]
[EventDate "2011.10.22"]
[EventType "swiss"]
[EventRounds "9"]
[EventCountry "ITA"]
[SourceTitle "EXT 2024"]
[Source "ChessBase"]
[SourceDate "2023.10.10"]
[SourceVersion "1"]
[SourceVersionDate "2023.10.10"]
[SourceQuality "1"]

1. Nf3 e6 2. d4 d5 3. Bf4 Nf6 4. e3 Bd6 5. Ne5 0-0 6. c4 c5 7. Nc3 Nc6 8. cxd5 exd5 9. Bb5 Qc7 10. Bxc6 bxc6 11. Qa4 cxd4 12. exd4 Ng4 13. 0-0 Bd7 14. Rfe1 Rfe8 15. Nxg4 Bxf4 16. h3 Bxg4 17. hxg4 1/2-1/2

[Event "Arco op 33rd"]
[Site "Arco"]
[Date "2011.10.22"]
[Round "1"]
[White "Mircoli, Filippo"]
[Black "Pipitone, Antonio"]
[Result "1-0"]
[WhiteElo "1747"]
[BlackElo "1971"]
[PlyCount "79"]
[EventDate "2011.10.22"]
[EventType "swiss"]
[EventRounds "9"]
[EventCountry "ITA"]
[SourceTitle "EXT 2012"]
[Source "ChessBase"]
[SourceDate "2011.11.24"]
[SourceVersion "1"]
[SourceVersionDate "2011.11.24"]
[SourceQuality "1"]

1. e4 c5 2. Nf3 Nc6 3. d4 cxd4 4. Nxd4 Nf6 5. Nc3 d6 6. Be3 e6 7. Be2 Be7 8. 0-0 0-0 9. f4 Qc7 10. Bf3 Nxd4 11. Bxd4 e5 12. Be3 exf4 13. Bxf4 Be6 14. Nd5 Bxd5 15. exd5 Rfc8 16. c3 Qb6+ 17. Rf2 Rc4 18. Qd2 Ne4 19. Bxe4 Rxe4 20. Re1 Rxe1+ 21. Qxe1 Bf6 22. Kh1 Be5 23. Bxe5 dxe5 24. Rd2 Qd6 25. h3 f5 26. c4 Rc8 27. b3 b6 28. Qh4 g6 29. Rf2 Kg7 30. Qg5 h6 31. Qd2 a5 32. Qb2 Kf6 33. g4 b5 34. gxf5 gxf5 35. Qc2 f4 36. Rg2 Qd7 37. Qg6+ Ke7 38. Qxh6 Rf8 39. Rg7+ Rf7 40. d6+ 1-0